ඈ ආ මාවත /
[A a mavatha] E Aa Mavatha
Saved in:
| Main Author: | |
|---|---|
| Format: | Book |
| Published: |
බදුල්ල ;
මෞලි ප්රකාශන,
2025.
|
| Tags: |
Add Tag
No Tags, Be the first to tag this record!
|
MARC
| LEADER | 00000nam a2200000 4500 | ||
|---|---|---|---|
| 005 | 20251217113606.0 | ||
| 008 | 250728b |||||||| |||| 00| 0 ||| d | ||
| 020 | |a 9786249809857 | ||
| 082 | |a 823 |b හාල්ඩ | ||
| 100 | |a හාල්ඩර්, බේබි | ||
| 245 | |a ඈ ආ මාවත / |c බේබි හාල්ඩර් ; පරිවර්තනය නිම්මි මුදිතා හේරත් විසිනි. |6 880-01 | ||
| 260 | |a බදුල්ල ; |b මෞලි ප්රකාශන, |c 2025. | ||
| 300 | |a පි. 272 ; |b : රු. 1350.00 |c සෙමී. 21. | ||
| 880 | |6 245-01 |a [A a mavatha] |b E Aa Mavatha | ||
| 942 | |2 ddc |c LBK | ||
| 999 | |c 25010 |d 25010 | ||